000 00628nam a2200181Ia 4500
008 151202s9999||||xx |||||||||||||| ||und||
082 _bPNVM-38575
100 _aदत्ता केशव.
245 _aमाझा कुणा म्हणू मी.
260 _b"परचुरे प्रकाशन मंदिर,मुबंई."
260 _c1979
300 _a99
600 _aदत्ता केशव.
630 _aमाझा कुणा म्हणू मी.
700 _aदत्ता केशव.
730 _aमाझा कुणा म्हणू मी.
942 _cBOOK
999 _c1304527
_d1304524